00716nam a22002177a 450000100060000000300090000600500170001500800410003202000180007304000280009108200210011910000250014024501080016525000130027326000470028630000470033350400530038065000210043370000220045470000220047619660BD-DhUAP20210105123619.0210105r20132016ii a b 001 0 eng  a9788131764350 aDLCcDLCdBD-DhUAPbeng00a658.1511 HOR223 aHorngren, Charles T.00aCost accounting : ba managerial emphasis /cCharles T. Horngren, Srikant M. Datar and Madhav V. Rajan. a14th ed. aDelhi :bPearson Education,cc2013 [2016]. axix, 1035 pages :billustrations ;c28 cm. aIncludes bibliographical references and indexes. 0aCost accounting.1 aDatar, Srikant M.1 a Rajan, Madhav V.